Normal view
MARC view
Entry Topical Term
001 - CONTROL NUMBER
- control field: 13381
003 - CONTROL NUMBER IDENTIFIER
- control field: HDC
005 - DATE AND TIME OF LATEST TRANSACTION
- control field: 20230624073415.0
008 - FIXED-LENGTH DATA ELEMENTS
- fixed length control field: 210210|| aca||aabn | a|a d
040 ## - CATALOGING SOURCE
- Original cataloging agency: HDC
- Transcribing agency: HDC
150 ## - HEADING--TOPICAL TERM
- Topical term or geographic name entry element: Ananas comosus L. (Merr.)
670 ## - SOURCE DATA FOUND
- Source citation: Work cat.: (HDC): Chan, Ying Kwok, author 12772, Response of four pineapple hybrids to early flower induction /, 2001
